DECISION SUPPORT AND BUSINESS INTELLIGENCE SYSTEMS (Record no. 10704)

MARC details
000 -LEADER
fixed length control field 00374nam a22001577a 4500
003 - CONTROL NUMBER IDENTIFIER
control field SGT
020 ## - INTERNATIONAL STANDARD BOOK NUMBER
International Standard Book Number 9789332518254
082 ## - DEWEY DECIMAL CLASSIFICATION NUMBER
Classification number 658.4030285 TUR
100 ## - MAIN ENTRY--PERSONAL NAME
Personal name TURBAN,EFRAIM
245 ## - TITLE STATEMENT
Title DECISION SUPPORT AND BUSINESS INTELLIGENCE SYSTEMS
250 ## - EDITION STATEMENT
Edition statement 9TH
260 ## - PUBLICATION, DISTRIBUTION, ETC. (IMPRINT)
Place of publication, distribution, etc NEW DELHI
Name of publisher, distributor, etc PEARSON
Year of Publication 2014
300 ## - PAGE DESCRIPTION
No. of Pages 672
650 ## - SUBJECT ADDED ENTRY--TOPICAL TERM
Topical term or geographic name as entry element BUSINESS & MANAGEMENT
942 ## - ADDED ENTRY ELEMENTS (KOHA)
Source of classification or shelving scheme Dewey Decimal Classification
Koha item type FCM Books
Holdings
Withdrawn status Lost status Source of classification or shelving scheme Damaged status Not for loan Collection code Home library Current library Shelving location Date acquired Vendor Name Cost, normal purchase price SGTU Bill Number Full call number Accession No. (Barcode) Date last seen Bill Date Koha item type Total Checkouts
    Dewey Decimal Classification   Not For Loan COMMERCE MANAGEMENT SGT Science & Social Sciences Library SGT Science & Social Sciences Library Reference Book 30/01/2017 INDIAN PUBLISHERS & DISTRIBUTORS 799.00 SGTU 117 658.4030285 TUR CM3263 30/01/2017 20/12/2016 FCM Books  
    Dewey Decimal Classification     COMMERCE MANAGEMENT SGT Science & Social Sciences Library SGT Science & Social Sciences Library On Display 30/01/2017 INDIAN PUBLISHERS & DISTRIBUTORS 799.00 SGTU 117 658.4030285 TUR CM3264 30/01/2017 20/12/2016 FCM Books